| 000 | 00374 a2200121 4500 | ||
|---|---|---|---|
| 001 | ART_11816 | ||
| 005 | 20260410161900.0 | ||
| 008 | 260409a | ||
| 245 | 1 | 0 | _aThe effect of social security on early retirement |
| 100 | 1 | _aBoskin, Michael | |
| 700 | 1 | _aHurd, Michael D. | |
| 773 | 0 |
_tJournal of public economics _g- Vol. 10, NÂș 3 (dic. 1978) _wREV11485 |
|
| 999 |
_c25862 _d25862 |
||